书目信息 |
| 题名: |
中国民俗通志
|
|
| 作者: | 齐涛 主编 ;吴存浩 著 | |
| 分册: | 婚嫁志 | |
| 出版信息: | 济南 山东教育出版社 2005 |
|
| 页数: | 442页 | |
| 开本: | 23cm | |
| 丛书名: | ||
| 单 册: | ||
| 中图分类: | K892.22 | |
| 科图分类: | ||
| 主题词: | 婚姻--风俗习惯--中国 , 风俗习惯 , 风俗习惯--中国 , 婚姻 | |
| 电子资源: | ||
| ISBN: | 7-5328-4789-6 | |
| 000 | 00919nam0 2200277 450 | |
| 001 | 002916797 | |
| 005 | 20061112150424.68 | |
| 010 | @a7-5328-4789-6@dCNY57.00 | |
| 100 | @a20050416d2005 em y0chiy0110 ea | |
| 101 | 0 | @achi |
| 102 | @aCN@b370000 | |
| 105 | @aa z 000yy | |
| 200 | 1 | @a中国民俗通志@9zhong guo min su tong zhi@i婚嫁志@f齐涛主编@g吴存浩著 |
| 210 | @a济南@c山东教育出版社@d2005 | |
| 215 | @a442页@c照片,图@d23cm | |
| 300 | @a国家“十五”规划重点图书出版项目 | |
| 330 | @a本志所记民俗事象的时间以20世纪前50年为基点,本婚姻志按照婚姻形态、婚姻关系确立、待嫁、迎亲、拜堂、闹洞房拜公婆、回门的顺序等进行介绍。 | |
| 606 | 0 | @a婚姻@x风俗习惯@y中国 |
| 606 | 0 | @a风俗习惯 |
| 606 | 0 | @a风俗习惯@y中国 |
| 606 | 0 | @a婚姻 |
| 690 | @aK892.22@v4 | |
| 701 | 0 | @a齐涛@9qi tao@f(1961~)@4主编 |
| 702 | 0 | @a吴存浩@9wu cun hao@c(大学教师)@4著 |
| 801 | 0 | @aCN@bNLC@c20061112 |
| 905 | @a10447@dK892.22@e120 | |
| 中国民俗通志.婚嫁志/齐涛主编/吴存浩著.-济南:山东教育出版社,2005 |
| 442页:照片,图;23cm |
| 国家“十五”规划重点图书出版项目 |
| ISBN 7-5328-4789-6:CNY57.00 |
| 本志所记民俗事象的时间以20世纪前50年为基点,本婚姻志按照婚姻形态、婚姻关系确立、待嫁、迎亲、拜堂、闹洞房拜公婆、回门的顺序等进行介绍。 |
| ● |
| 相关链接 |
|
|
|
|
正题名:中国民俗通志
索取号:K892.22/120
 
预约/预借
| 序号 | 登录号 | 条形码 | 馆藏地/架位号 | 状态 | 备注 |
| 1 | 0383979 | 203839793 | 第二样本阅览室/ [索取号:K892.22/120] | 在馆 | |
| 2 | 0383980 | 203839800 | 第二借阅区/ [索取号:K892.22/120] | 在馆 | |
| 3 | 0383981 | 203839819 | 第二借阅区/ [索取号:K892.22/120] | 在馆 |